01483 2200409 4500001002100000005001500021035002000036007000300056008004100059020002200100040002200122082001600144084001800160100002900178245025000207250003500457300005600492650002200548850001200570264003200582336002100614337003000635338002300665700002700688700003200715700003200747700003000779700003100809700003300840700002900873700004300902700003700945090002200982999002201004504002501026990002201051INLIS00000000089396720250304100258 a0010-0325000048ta250304s2024 yoia g | ind d a978-623-02-9772-4 aYOPDYOGbinderda04223a659.144 a659.144 ISM t0 aIsmail NurdinePengarang10aTransformasi digital :bpeluang baru bagi UMKM di desa /cIsmail Nurdin, Ikhbaluddin, Ikra Novar Rizqi, Agung Nurrahman, Eem Nurnawati, H. Sabaruddin, Helianus Rudianto, Dedhy Guntoro, Ruth Roselin E. Nainggolan; penyunting, Trias Windi Hapasari aCetakan Pertama: Desember 2024 aviii, 62 halaman :btabel, gambar berwarna ;c23 cm 4aPemasaran digital aYOPDYOG31aSleman :bDeepublish,c2024 2rdacontentateks 2rdamediaatanpa perantara 2rdacarrieravolume0 aIkhbaluddinePengarang0 aIkra Novar RizqiePengarang0 aAgung NurrahmanePenyunting0 aEem NurnawatiePenyunting0 aSabaruddin,cH.ePengarang0 aHelianus RudiantoePengarang0 aDedhy GuntoroePengarang3 aNainggolan, Ruth Roselin E.ePengarang0 aTrias Windi HapasariePenyunting aCB-D.11 2024-5393 aCB-D.11/2024-5393 atermasuk bibliografi aCB-D.11/2024-5393